| 000 | 00458nam a22001817a 4500 | ||
|---|---|---|---|
| 003 | DO-SdBNP | ||
| 005 | 20170526140127.0 | ||
| 008 | 170526b19uu sp a| 00| 0 spa d | ||
| 020 | _a8478839194 | ||
| 040 |
_8 _aBPMSU _bspa _cBPMSU |
||
| 082 |
_asss _bsss |
||
| 245 | _aBuenos días, conejito | ||
| 260 |
_aMadrid : _bil. ; _c5 cm. |
||
| 300 |
_a18 p.: _bil. ; _c5 cm. |
||
| 710 | _4Todolibro | ||
| 942 |
_2ddc _cBK |
||
| 956 |
_2VMATEO _310 _620170526 _8BPMSU _a0069 |
||
| 999 |
_c12571 _d12571 |
||